MARC

LEADER 00000nam0a2200000 4500
001 307720
005 20231102002024.0
020 |a RU  |b 81-63816 
035 |a (RuTPU)RU\TPU\book\333025 
090 |a 307720 
100 |a 20151023d1980 km y0rusy5003 ca 
101 0 |a rus 
102 |a RU 
105 |a a z 001zy 
200 1 |a Строение, состав и генезис оловорудных месторождений Дальнего Востока  |e новые материалы  |f Академия наук СССР (АН СССР), Дальневосточный научный центр (ДНЦ), Дальневосточный геологический институт (ДВГИ) ; под ред. П. Г. Коростелева 
210 |a Владивосток  |c Изд-во ДВНЦ АН СССР  |d 1980 
215 |a 134 с.  |c ил. 
320 |a Библиография в конце статей 
606 1 |a Оловорудные месторождения  |2 stltpush  |3 (RuTPU)RU\TPU\subj\46984  |9 66055 
610 1 |a геология 
610 1 |a Дальний Восток 
610 1 |a строение 
610 1 |a состав 
610 1 |a генезис 
610 1 |a локализация 
610 1 |a глубинное строение 
610 1 |a прогнозная оценка 
675 |a 553.45(571.6)  |z rus  |v 3 
702 1 |a Коростелев  |b П. Г.  |4 340 
712 0 2 |a Академия наук СССР (АН СССР)  |b Дальневосточный научный центр (ДНЦ)  |b Дальневосточный геологический институт (ДВГИ)  |c (Владивосток)  |2 stltpush  |3 (RuTPU)RU\TPU\col\11563 
801 0 |a RU  |b RuMRKP  |c 19950704  |g psbo 
801 1 |a RU  |b 63413507  |c 20151023 
801 2 |a RU  |b 63413507  |c 20180716  |g RCR 
942 |c BK